LEADER 02433nam 2200421 450 001 9910819878503321 005 20221128110401.0 010 $a1-4422-5966-3 035 $a(CKB)3710000000831058 035 $a(MiAaPQ)EBC4648876 035 $a(EXLCZ)993710000000831058 100 $a20160907h20162016 uy 0 101 0 $aeng 135 $aurcnu|||||||| 181 $2rdacontent 182 $2rdamedia 183 $2rdacarrier 200 14$aThe missile defense agency and the color of money $efewer resources, more responsibility, and a growing budget squeeze /$fprincipal author, Thomas Karako, contributing author, Wes Rumbaugh, Ian Williams 210 1$aLanham, [Maryland] :$cCenter for Strategic & International Studies :$cRowman & Littlefield,$d2016. 210 4$dİ2016 215 $a1 online resource (49 pages) $cillustrations, graphs 311 $a1-4422-5965-5 327 $aIntroduction -- MDA's reduced topline -- MDA's expanded role -- Failure to transfer budget responsibility -- Foreign assistance to Israel -- The squeeze on research and development -- Possible paths forward. 330 $a"This study explores the growing competition for scarce dollars at the U.S. Missile Defense Agency (MDA). It traces the authorities, roles, and missions assigned to the agency and the growing trend of using what was originally intended to be a research and development budget for procurement and sustainment of missile defense assets. As adversary missile arsenals develop in both size and sophistication, continued improvements to our current missile defense systems will be required to keep pace with the threat. The combination of an ever-shrinking top line and new roles and missions being assigned to MDA make that task difficult. Finding a new path forward and more clearly defining the position of the agency inside the Department of Defense will be essential for a more sustainable missile defense posture"--Publisher's web site. 606 $aBallistic missile defenses$zUnited States 607 $aUnited States$2fast 615 0$aBallistic missile defenses 676 $a358.1740973 700 $aKarako$b Thomas$01632026 702 $aRumbaugh$b Wes 702 $aWilliams$b Ian 801 0$bMiAaPQ 801 1$bMiAaPQ 801 2$bMiAaPQ 906 $aBOOK 912 $a9910819878503321 996 $aThe missile defense agency and the color of money$93970945 997 $aUNINA LEADER 03638nam 22006133 450 001 9910913766303321 005 20250905110029.0 010 $a9781040298886 010 $a1040298885 010 $a9781003488286 010 $a1003488285 010 $a9781040298916 010 $a1040298915 024 8 $a10.4324/9781003488286 035 $a(MiAaPQ)EBC31653393 035 $a(Au-PeEL)EBL31653393 035 $a(CKB)36702281200041 035 $a(ODN)ODN0011131825 035 $a(ScCtBLL)51f9e7e8-0ebc-4a2c-b385-35fab085c3fb 035 $a(EXLCZ)9936702281200041 100 $a20241202d2024 uy 0 101 0 $aeng 135 $aurcnu|||||||| 181 $ctxt$2rdacontent 182 $cc$2rdamedia 183 $acr$2rdacarrier 200 10$aCooperation and Confrontation in Nordic Civil Societies Since 1800 205 $a1st ed. 210 1$aOxford :$cTaylor & Francis Group,$d2024. 210 4$dİ2025. 215 $a1 online resource (287 pages) 225 1 $aNordic Studies in a Global Context Series 311 08$a9781032785165 311 08$a1032785160 327 $aIntroduction : experiences of cooperation and confrontation in Nordic civil societies / Sunniva Engh, Ruth Hemstad and Mads Mordhorst -- Expansion and incorporation : Nordic civil society in a Weberian perspective / Haldor Byrkjeflot -- Nordic civil society through changes of new technologies and knowledge society : how is the function of civil society affected? / Inger-Johanne Sand -- Ordering the social-socializing the order : navigating trust between civil society and state in the Swedish realm around 1800 / Andreas O?nnerfors -- Emerging civil society in Iceland : enlightenment ideas and Old Norse heritage / Margre?t Gunnarsdo?ttir -- Military sports in northern clothing : how sharpshooting became Nordic heritage / Odd Arvid Storsveen -- Hybridity and blurred borders between market and civil society : the case of Danish cooperatives, savings banks and corporations / Mads Mordhorst, Louise Karlskov Skyggebjerg and Mathias Hein Jessen -- A relationship shaped by interdependency : the Norwegian Refugee Council and the Norwegian state / Mikkel Witt Syberg -- Sa?mi art and literature as peaceful pillar of Sa?mi civil society / Suze van der Poll -- A networked Scandinavia : Scandinavian associations and transnational cooperation / Ruth Hemstad -- State civil servants and voluntary Nordic cooperation : the Nordic Federation of Public Administration 1919-1952 / Peter Stadius -- From war effort to development aid : the Scandinavian Red Cross societies and Korea / Sunniva Engh -- Explosive waste : Scandinavian anti-nuclear movements' campaign against the reprocessing of spent nuclear ruel / Melina Antonia Buns -- Epilogue : what was "Nordic" about Nordic civil society? / Mary Hilson. 330 $aThis book examines Nordic civil societies from 1800 until today, by studying the roles of voluntary action and associations in the Nordic region and beyond. 410 0$aNordic Studies in a Global Context Series 606 $aCivil society$zScandinavia 606 $aNordic model 606 $aScandinavian cooperation 615 0$aCivil society 615 0$aNordic model. 615 0$aScandinavian cooperation. 676 $a306.20948 700 $aEngh$b Sunniva$01779255 701 $aHemstad$b Ruth$01358407 701 $aMordhorst$b Mads$01779256 801 0$bMiAaPQ 801 1$bMiAaPQ 801 2$bMiAaPQ 906 $aBOOK 912 $a9910913766303321 996 $aCooperation and Confrontation in Nordic Civil Societies Since 1800$94302550 997 $aUNINA